000 00681nam a22001337a 4500
040 _cRUA
082 _aAVM LIN 2009 B088 Or.1
100 _aLIN BOVAN
245 _aStudy on small scale of buffaloes raising in pech chreada district,mondulkiri province, (ការសិក្សាអំពីការចិញ្ចឹុមក្របីជាលក្ខណះគ្រួសារនៅក្នុងស្រុកពេជ្រាដា​ ខេត្តមណ្ឌលគីរី)
260 _aphnom penh
_brua
_c2009
300 _ax, 47p.
_bill.
_c29cm.
856 _uhttps://drive.google.com/file/d/1qhxliReG70KBV-uTRJfz8NGTNTWbSAAj/view?usp=sharing
942 _cAVM
999 _c2313
_d2313